| 000 | 00690nam a2200229 a 4500 | ||
|---|---|---|---|
| 001 | BRL_1231 | ||
| 005 | 20190320211110.0 | ||
| 008 | 021213s1945----mx-a######---#000-0#spa-# | ||
| 041 | _aspa | ||
| 044 | _amx | ||
| 050 | 4 |
_aF1219.1.T8 _b.R89 1945 |
|
| 100 | 1 |
_aRuz Lhuillier, Alberto _d1906-1979 _923585 |
|
| 245 | 1 | 0 |
_aGuía arqueológica de Tula _cAlberto Ruz Lhuillier. |
| 260 |
_aMéxico, D.F. _bAteneo Nacional de Ciencias y Artes de México _c1945 |
||
| 300 |
_a95 p. _bil. _c23 cm. |
||
| 500 | _aEstado físico: encuadernado, febrero 2014 | ||
| 500 | _aAu1435 | ||
| 504 | _aBibliografía: p. 91-95 | ||
| 651 | 4 |
_aTula (Hidalgo) _vGuías _926194 |
|
| 902 | _aGRL | ||
| 942 |
_2lcc _cB |
||
| 999 |
_c10043 _d10043 |
||